[Event "BI-2015-P-0000"]
[Site "LSS email"]
[Date "2015.04.16"]
[Round "?"]
[White "Jostov, Keylah"]
[Black "Belanoff, Stuart B"]
[Result "0-1"]
[WhiteElo "1253"]
[BlackElo "2285"]
[PlyCount "24"]
[EventDate "2015.04.22"]
[EventType "tourn (corr)"]
[EventRounds "10"]
[EventCountry "GER"]
[SourceTitle "Corr 2022"]
[Source "ChessBase"]
[SourceDate "2021.10.24"]
[SourceVersion "1"]
[SourceVersionDate "2021.10.24"]
[SourceQuality "1"]

1. Nf3 f5 2. g3 Nf6 3. Bg2 g6 4. 0-0 Bg7 5. d4 0-0 6. c4 d6 7. d5 Na6 8. Nc3 Nc5 9. Qc2 e5 10. dxe6 c6 11. Ng5 Qe7 12. b4 Nxe6 0-1

[Event "BI-2015-P-0000"]
[Site "LSS email"]
[Date "2015.04.16"]
[Round "?"]
[White "Jostov, Keylah"]
[Black "Bieszk, Stanislaw"]
[Result "0-1"]
[WhiteElo "1253"]
[BlackElo "903"]
[PlyCount "24"]
[EventDate "2015.04.22"]
[EventType "tourn (corr)"]
[EventRounds "10"]
[EventCountry "GER"]
[SourceTitle "Corr 2022"]
[Source "ChessBase"]
[SourceDate "2021.10.24"]
[SourceVersion "1"]
[SourceVersionDate "2021.10.24"]
[SourceQuality "1"]

1. Nf3 Nf6 2. g3 g6 3. Bg2 Bg7 4. c4 0-0 5. 0-0 d6 6. Nc3 e5 7. d3 Re8 8. Rb1 a5 9. a3 Be6 10. b4 axb4 11. axb4 c6 12. b5 e4 0-1

[Event "BI-2015-P-0000"]
[Site "LSS email"]
[Date "2015.04.16"]
[Round "?"]
[White "Jostov, Keylah"]
[Black "Lelito, Jerzy"]
[Result "0-1"]
[WhiteElo "1253"]
[BlackElo "2118"]
[PlyCount "30"]
[EventDate "2015.04.22"]
[EventType "tourn (corr)"]
[EventRounds "10"]
[EventCountry "GER"]
[SourceTitle "Corr 2022"]
[Source "ChessBase"]
[SourceDate "2021.10.24"]
[SourceVersion "1"]
[SourceVersionDate "2021.10.24"]
[SourceQuality "1"]

1. Nf3 Nf6 2. g3 d5 3. c4 e6 4. Bg2 Be7 5. 0-0 0-0 6. b3 d4 7. Bb2 c5 8. e3 Nc6 9. exd4 cxd4 10. Re1 d3 11. Nc3 Ng4 12. h3 Nh6 13. Ne4 Nb4 14. Rf1 f5 15. Nc3 Nf7 0-1

[Event "BI-2015-P-0000"]
[Site "LSS email"]
[Date "2015.04.16"]
[Round "?"]
[White "Jostov, Keylah"]
[Black "Podvoysky, Evgeny"]
[Result "0-1"]
[WhiteElo "1253"]
[BlackElo "2353"]
[PlyCount "36"]
[EventDate "2015.04.22"]
[EventType "tourn (corr)"]
[EventRounds "10"]
[EventCountry "GER"]
[SourceTitle "Corr 2022"]
[Source "ChessBase"]
[SourceDate "2021.10.24"]
[SourceVersion "1"]
[SourceVersionDate "2021.10.24"]
[SourceQuality "1"]

1. Nf3 f5 2. g3 Nf6 3. Bg2 d6 4. d4 c6 5. 0-0 Qc7 6. b3 e5 7. dxe5 dxe5 8. Bb2 e4 9. Nd4 h5 10. e3 h4 11. Nc3 Bd7 12. Qe2 Na6 13. Qc4 Ng4 14. Ne6 Qd6 15. Ng5 Qg6 16. Ncxe4 hxg3 17. hxg3 Be7 18. Nf3 fxe4 0-1

[Event "SE-2015-0-00195"]
[Site "LSS email"]
[Date "2015.02.27"]
[Round "?"]
[White "Jostov, Keylah"]
[Black "Lonyuk, Bohdan"]
[Result "1-0"]
[WhiteElo "1271"]
[BlackElo "1222"]
[PlyCount "31"]
[EventDate "2015.01.17"]
[EventType "tourn (corr)"]
[EventRounds "6"]
[EventCountry "GER"]
[SourceTitle "Corr 2022"]
[Source "ChessBase"]
[SourceDate "2021.10.24"]
[SourceVersion "1"]
[SourceVersionDate "2021.10.24"]
[SourceQuality "1"]

1. Nf3 Nf6 2. g3 b5 3. Bg2 Bb7 4. 0-0 e6 5. d3 Be7 6. e4 0-0 7. Re1 d6 8. Nbd2 a6 9. c3 c5 10. d4 Nc6 11. e5 dxe5 12. dxe5 Nd7 13. Nf1 Qc7 14. Qe2 Ncxe5 15. Nxe5 Bxg2 16. Kxg2 1-0

[Event "BI-2015-F-0000"]
[Site "LSS email"]
[Date "2015.02.12"]
[Round "?"]
[White "Gorman, Andrew"]
[Black "Jostov, Keylah"]
[Result "1-0"]
[WhiteElo "945"]
[BlackElo "1259"]
[PlyCount "75"]
[EventDate "2015.02.11"]
[EventType "tourn (corr)"]
[EventRounds "10"]
[EventCountry "GER"]
[SourceTitle "Corr 2022"]
[Source "ChessBase"]
[SourceDate "2021.10.24"]
[SourceVersion "1"]
[SourceVersionDate "2021.10.24"]
[SourceQuality "1"]

1. e4 d6 2. d4 Nf6 3. Nc3 g6 4. Be3 c6 5. h3 Bg7 6. a4 0-0 7. g3 Nbd7 8. Bg2 e5 9. Nge2 Re8 10. 0-0 exd4 11. Bxd4 Ne5 12. f4 Nc4 13. b3 Nb6 14. a5 Nbd7 15. e5 dxe5 16. fxe5 Nxe5 17. Bxe5 Qxd1 18. Raxd1 Rxe5 19. Rd8+ Re8 20. Rxe8+ Nxe8 21. h4 Be6 22. Ne4 h6 23. c4 Rd8 24. Nf4 Bf5 25. Re1 Bxe4 26. Bxe4 Nf6 27. Re2 Re8 28. Bf3 Rxe2 29. Nxe2 Nd7 30. Kg2 Nc5 31. b4 Nd3 32. b5 cxb5 33. cxb5 b6 34. axb6 axb6 35. Be4 Nc5 36. Bc6 Kf8 37. Kf3 Ke7 38. g4 1-0

[Event "BI-2015-F-0000"]
[Site "LSS email"]
[Date "2015.02.12"]
[Round "?"]
[White "Jostov, Keylah"]
[Black "Bieszk, Stanislaw"]
[Result "1-0"]
[WhiteElo "1259"]
[BlackElo "829"]
[PlyCount "37"]
[EventDate "2015.02.11"]
[EventType "tourn (corr)"]
[EventRounds "10"]
[EventCountry "GER"]
[SourceTitle "Corr 2022"]
[Source "ChessBase"]
[SourceDate "2021.10.24"]
[SourceVersion "1"]
[SourceVersionDate "2021.10.24"]
[SourceQuality "1"]

1. e4 c5 2. Nf3 d6 3. g3 g6 4. d3 Bg7 5. Bg2 Qb6 6. 0-0 Bxb2 7. Bxb2 Qxb2 8. Nbd2 Nc6 9. Nc4 Qg7 10. Rb1 Rb8 11. Qe1 b5 12. Na5 Bd7 13. Nxc6 Bxc6 14. Qa5 Rb7 15. Qa6 Kd7 16. e5 Nh6 17. exd6 exd6 18. Ne5+ dxe5 19. Qxc6+ 1-0

[Event "BI-2015-F-0000"]
[Site "LSS email"]
[Date "2015.02.12"]
[Round "?"]
[White "Jostov, Keylah"]
[Black "Van Esbroeck, Jeff"]
[Result "0-1"]
[WhiteElo "1259"]
[BlackElo "576"]
[PlyCount "32"]
[EventDate "2015.02.11"]
[EventType "tourn (corr)"]
[EventRounds "10"]
[EventCountry "GER"]
[SourceTitle "Corr 2022"]
[Source "ChessBase"]
[SourceDate "2021.10.24"]
[SourceVersion "1"]
[SourceVersionDate "2021.10.24"]
[SourceQuality "1"]

1. e4 e5 2. Nc3 Nf6 3. g3 d6 4. Bg2 Nc6 5. Nge2 Be7 6. 0-0 0-0 7. d3 Bg4 8. h3 Be6 9. f4 Bd7 10. f5 a6 11. g4 h6 12. Ng3 Nd4 13. h4 Nh7 14. h5 Bh4 15. Nce2 Ng5 16. Nxd4 Bxg3 0-1

[Event "BI-2015-F-0000"]
[Site "LSS email"]
[Date "2015.02.12"]
[Round "?"]
[White "Jostov, Keylah"]
[Black "Verich, Oleg"]
[Result "0-1"]
[WhiteElo "1259"]
[BlackElo "1126"]
[PlyCount "68"]
[EventDate "2015.02.11"]
[EventType "tourn (corr)"]
[EventRounds "10"]
[EventCountry "GER"]
[SourceTitle "Corr 2022"]
[Source "ChessBase"]
[SourceDate "2021.10.24"]
[SourceVersion "1"]
[SourceVersionDate "2021.10.24"]
[SourceQuality "1"]

1. e4 d6 2. Nf3 Nf6 3. d3 Bg4 4. Nbd2 e5 5. g3 Nbd7 6. Bg2 Be7 7. 0-0 0-0 8. Qe1 c6 9. h3 Bh5 10. Nh2 d5 11. exd5 Nxd5 12. Ndf3 f6 13. c3 Bf7 14. d4 exd4 15. Nxd4 Ne5 16. Nf5 Bc5 17. Qd1 Bg6 18. Nd4 Re8 19. Ng4 f5 20. Ne3 Bxd4 21. Nxd5 Bxf2+ 22. Rxf2 cxd5 23. Bf4 Bf7 24. Rd2 Qf6 25. Bxd5 Bxd5 26. Rxd5 Ng6 27. Bd6 f4 28. gxf4 Nxf4 29. Rd2 Nxh3+ 30. Kh2 Qh6 31. Kg2 Nf4+ 32. Bxf4 Qxf4 33. Qb3+ Kh8 34. Rf1 Qxd2+ 0-1

[Event "LSS No Engine Cup 123 Preliminary 0"]
[Site "LSS email"]
[Date "2015.01.01"]
[Round "?"]
[White "Helmbrecht, John R"]
[Black "Jostov, Keylah"]
[Result "1-0"]
[WhiteElo "1783"]
[BlackElo "1524"]
[PlyCount "75"]
[EventDate "2015.01.02"]
[EventType "tourn (corr)"]
[EventRounds "6"]
[EventCountry "GER"]
[SourceTitle "Corr 2022"]
[Source "ChessBase"]
[SourceDate "2021.10.24"]
[SourceVersion "1"]
[SourceVersionDate "2021.10.24"]
[SourceQuality "1"]

1. d4 d5 2. c4 c6 3. Nf3 Nf6 4. e3 Bf5 5. Nc3 e6 6. Nh4 Bg6 7. Nxg6 hxg6 8. Bd2 Bd6 9. g3 Nbd7 10. Qb3 Qb6 11. c5 Qxb3 12. axb3 Bc7 13. b4 Ke7 14. Bg2 Rhe8 15. f4 b5 16. Ne2 Nh7 17. 0-0 g5 18. Ra2 gxf4 19. exf4 a6 20. Rfa1 Nb8 21. Nc1 Nf6 22. Nd3 Rd8 23. Ne5 Bxe5 24. fxe5 Ne4 25. Be3 f5 26. Bxe4 dxe4 27. Bg5+ Kd7 28. Bxd8 Kxd8 29. Kf2 Ke7 30. Ke3 Ra7 31. b3 Kf8 32. Kf4 Rd7 33. Rd1 Kf7 34. Kg5 g6 35. h4 Rd8 36. Rh2 Rh8 37. h5 gxh5 38. Rxh5 1-0

[Event "LSS No Engine Cup 123 Preliminary 0"]
[Site "LSS email"]
[Date "2015.01.01"]
[Round "?"]
[White "Verich, Oleg"]
[Black "Jostov, Keylah"]
[Result "1-0"]
[WhiteElo "1412"]
[BlackElo "1524"]
[PlyCount "109"]
[EventDate "2015.01.02"]
[EventType "tourn (corr)"]
[EventRounds "6"]
[EventCountry "GER"]
[SourceTitle "Corr 2022"]
[Source "ChessBase"]
[SourceDate "2021.10.24"]
[SourceVersion "1"]
[SourceVersionDate "2021.10.24"]
[SourceQuality "1"]

1. Nf3 Nf6 2. g3 g6 3. Bg2 Bg7 4. 0-0 c5 5. d4 cxd4 6. Nxd4 0-0 7. c3 Nc6 8. Na3 e5 9. Ndb5 d5 10. Bg5 a6 11. Bxf6 Bxf6 12. Bxd5 axb5 13. Nxb5 Bh3 14. Bg2 Bxg2 15. Kxg2 Qxd1 16. Rfxd1 Rfd8 17. Rd6 Be7 18. Rd3 Rxd3 19. exd3 Rd8 20. Rd1 Na5 21. b3 Rd5 22. c4 Rd7 23. Nc3 Nc6 24. Nd5 Nb4 25. Nxe7+ Rxe7 26. a3 Nc6 27. b4 Nd4 28. a4 b6 29. f3 Ra7 30. Ra1 Nc2 31. Rb1 Rxa4 32. c5 bxc5 33. bxc5 Nd4 34. Rc1 Ra6 35. Rc4 Rc6 36. f4 f6 37. Kh3 Kf7 38. fxe5 fxe5 39. Kg4 h6 40. h4 Ke6 41. Ra4 Kd5 42. Ra8 Rxc5 43. Rh8 h5+ 44. Kg5 Rc6 45. Rd8+ Kc5 46. Rg8 Nf3+ 47. Kh6 Kd4 48. Rxg6 Rxg6+ 49. Kxg6 Kxd3 50. Kxh5 e4 51. g4 e3 52. g5 Nxg5 53. Kxg5 e2 54. h5 e1Q 55. h6 1-0

[Event "SE-2014-0-00188"]
[Site "LSS email"]
[Date "2014.12.25"]
[Round "?"]
[White "Jostov, Keylah"]
[Black "Csernus, Robert"]
[Result "0-1"]
[WhiteElo "1263"]
[BlackElo "1599"]
[PlyCount "60"]
[EventDate "2014.11.22"]
[EventType "tourn (corr)"]
[EventRounds "6"]
[EventCountry "GER"]
[SourceTitle "Corr 2022"]
[Source "ChessBase"]
[SourceDate "2021.10.24"]
[SourceVersion "1"]
[SourceVersionDate "2021.10.24"]
[SourceQuality "1"]

1. e4 c5 2. Nf3 e6 3. d3 Nc6 4. g3 d5 5. Nbd2 Bd6 6. Bg2 Nge7 7. 0-0 0-0 8. Nh4 b6 9. f4 dxe4 10. dxe4 Bc7 11. c3 Ba6 12. Re1 Bd3 13. e5 c4 14. Qh5 b5 15. Ne4 b4 16. Be3 Nd5 17. Bc5 Bb6 18. Kh1 Bxc5 19. Nxc5 bxc3 20. Nxd3 cxd3 21. bxc3 d2 22. Red1 Nxc3 23. Bxc6 Nxd1 24. Qxd1 Rc8 25. Bg2 Qd4 26. Rb1 Qe3 27. Nf3 Rc1 28. h3 Rxd1+ 29. Rxd1 Rd8 30. Kh2 Qe2 0-1

[Event "SE-2014-0-00187"]
[Site "LSS email"]
[Date "2014.12.22"]
[Round "?"]
[White "Jostov, Keylah"]
[Black "Couspeyre, Thierry"]
[Result "1-0"]
[WhiteElo "1263"]
[BlackElo "1283"]
[PlyCount "49"]
[EventDate "2014.11.15"]
[EventType "tourn (corr)"]
[EventRounds "6"]
[EventCountry "GER"]
[SourceTitle "Corr 2022"]
[Source "ChessBase"]
[SourceDate "2021.10.24"]
[SourceVersion "1"]
[SourceVersionDate "2021.10.24"]
[SourceQuality "1"]

1. e4 c5 2. Nf3 Nc6 3. d4 cxd4 4. Nxd4 Nf6 5. Nc3 e6 6. Nxc6 bxc6 7. e5 Nd5 8. Ne4 Qc7 9. f4 Bb4+ 10. c3 Ba5 11. Nd6+ Ke7 12. Bd3 Nxc3 13. bxc3 Bxc3+ 14. Bd2 Bxa1 15. Qxa1 Qb6 16. Qc1 Ba6 17. Bxa6 Qxa6 18. Qc5 f6 19. exf6+ gxf6 20. Nf5+ Kf7 21. Qe7+ Kg6 22. Nh4+ Kh5 23. Qf7+ Kg4 24. Qg7+ Kh5 25. Nf3 1-0

[Event "SE-2014-0-00187"]
[Site "LSS email"]
[Date "2014.12.22"]
[Round "?"]
[White "Pech, Stepan"]
[Black "Jostov, Keylah"]
[Result "0-1"]
[WhiteElo "1391"]
[BlackElo "1263"]
[PlyCount "34"]
[EventDate "2014.11.15"]
[EventType "tourn (corr)"]
[EventRounds "6"]
[EventCountry "GER"]
[SourceTitle "Corr 2022"]
[Source "ChessBase"]
[SourceDate "2021.10.24"]
[SourceVersion "1"]
[SourceVersionDate "2021.10.24"]
[SourceQuality "1"]

1. d4 Nf6 2. c4 c5 3. d5 e6 4. Nc3 exd5 5. cxd5 d6 6. e4 g6 7. Nf3 Bg7 8. h3 0-0 9. Bd3 b5 10. Nxb5 Re8 11. 0-0 Nxe4 12. Re1 a6 13. Na3 Nf6 14. Rxe8+ Qxe8 15. Nc4 Qd8 16. Qb3 Nxd5 17. Be4 Be6 0-1

[Event "SE-2014-0-00187"]
[Site "LSS email"]
[Date "2014.12.22"]
[Round "?"]
[White "Plotnikov, Vladimir Anatolievi"]
[Black "Jostov, Keylah"]
[Result "1-0"]
[WhiteElo "1160"]
[BlackElo "1263"]
[PlyCount "53"]
[EventDate "2014.11.15"]
[EventType "tourn (corr)"]
[EventRounds "6"]
[EventCountry "GER"]
[SourceTitle "Corr 2022"]
[Source "ChessBase"]
[SourceDate "2021.10.24"]
[SourceVersion "1"]
[SourceVersionDate "2021.10.24"]
[SourceQuality "1"]

1. e4 e5 2. Nf3 Nf6 3. Nxe5 d6 4. Nf3 Nxe4 5. d4 d5 6. Qe2 Bd6 7. Nc3 0-0 8. Nxd5 Bg4 9. Ne3 Re8 10. Nxg4 Nc3 11. bxc3 Rxe2+ 12. Bxe2 Nc6 13. 0-0 f6 14. Bc4+ Kf8 15. Re1 Qd7 16. Be6 Qd8 17. Ne3 Ne7 18. Bd2 c6 19. c4 b6 20. Nf5 Nxf5 21. Bxf5 g6 22. Bh6+ Kf7 23. Be6+ Ke7 24. Bc8+ Kf7 25. Bb7 Rb8 26. Bxc6 Qc7 27. Bd5# 1-0

[Event "SE-2014-0-00187"]
[Site "LSS email"]
[Date "2014.12.21"]
[Round "?"]
[White "Shim Ng Min, Francis"]
[Black "Jostov, Keylah"]
[Result "1/2-1/2"]
[WhiteElo "1274"]
[BlackElo "1263"]
[PlyCount "107"]
[EventDate "2014.11.15"]
[EventType "tourn (corr)"]
[EventRounds "6"]
[EventCountry "GER"]
[SourceTitle "Corr 2022"]
[Source "ChessBase"]
[SourceDate "2021.10.24"]
[SourceVersion "1"]
[SourceVersionDate "2021.10.24"]
[SourceQuality "1"]

1. e4 e5 2. Nf3 Nf6 3. Nxe5 d6 4. Nf3 Nxe4 5. d4 d5 6. Bd3 Bd6 7. 0-0 0-0 8. c4 c6 9. Nc3 Nxc3 10. bxc3 dxc4 11. Bxc4 Bg4 12. Qd3 Nd7 13. Bg5 Qc7 14. h3 Bh5 15. Rfe1 Bg6 16. Qd1 Bf4 17. Re7 Bxg5 18. Nxg5 Qd8 19. Qe2 Nb6 20. Bb3 Nd5 21. Bxd5 Qxd5 22. Re5 Qd7 23. Nf3 Rfe8 24. Re1 f6 25. Rxe8+ Rxe8 26. Qd2 Rxe1+ 27. Qxe1 Qe8 28. Qxe8+ Bxe8 29. Nd2 Kf7 30. f4 Ke6 31. Kf2 Kd5 32. Ke3 b5 33. f5 Bd7 34. g4 c5 35. dxc5 Kxc5 36. Kd3 Bc6 37. Nb3+ Kb6 38. Kd4 Bg2 39. h4 Bh3 40. g5 fxg5 41. hxg5 Bxf5 42. a3 h5 43. Ke5 g6 44. Nd4 Bd3 45. Ne6 Ka5 46. Nf4 Bf5 47. Nxh5 Ka4 48. Ng3 Bc2 49. Ne2 Kxa3 50. Nd4 Bd3 51. Nc6 a6 52. Nb4 Bb1 53. Nxa6 Kb3 54. Kd4 1/2-1/2

[Event "IECC CL0-2014.00 email"]
[Site "IECC email"]
[Date "2014.12.19"]
[Round "?"]
[White "Jostov, Keylah"]
[Black "De Booij, Marco"]
[Result "1/2-1/2"]
[WhiteElo "1263"]
[BlackElo "1161"]
[PlyCount "66"]
[EventDate "2014.11.13"]
[EventType "tourn (corr)"]
[EventRounds "4"]
[SourceTitle "Corr 2022"]
[Source "ChessBase"]
[SourceDate "2021.10.24"]
[SourceVersion "1"]
[SourceVersionDate "2021.10.24"]
[SourceQuality "1"]

1. e4 e5 2. Nf3 Nc6 3. Nc3 Bc5 4. Nxe5 Nxe5 5. d4 Bd6 6. dxe5 Bxe5 7. f4 Bd6 8. Bc4 Bc5 9. Bxf7+ Kxf7 10. Qd5+ Ke8 11. Qxc5 d6 12. Qd4 Qe7 13. 0-0 b6 14. Nd5 Qd7 15. e5 c5 16. Qe3 dxe5 17. Qxe5+ Kf7 18. Qc7 Nf6 19. Qxd7+ Bxd7 20. Nxf6 Kxf6 21. Bd2 Rhe8 22. Bc3+ Kf7 23. f5 Rad8 24. Rae1 Rxe1 25. Bxe1 Re8 26. Kf2 Bxf5 27. Kg1 Kg6 28. Bc3 Bxc2 29. Rf3 Re7 30. Rg3+ Kf7 31. Rxg7+ Ke8 32. Rg3 Kd7 33. h3 Kc6 1/2-1/2

[Event "LSS No Engine Cup 121 Preliminary 0"]
[Site "LSS email"]
[Date "2014.11.13"]
[Round "?"]
[White "Chmela, Zdenek"]
[Black "Jostov, Keylah"]
[Result "1-0"]
[WhiteElo "1600"]
[BlackElo "1517"]
[PlyCount "55"]
[EventDate "2014.11.14"]
[EventType "tourn (corr)"]
[EventRounds "6"]
[EventCountry "GER"]
[SourceTitle "Corr 2022"]
[Source "ChessBase"]
[SourceDate "2021.10.24"]
[SourceVersion "1"]
[SourceVersionDate "2021.10.24"]
[SourceQuality "1"]

1. d4 Nf6 2. c4 c5 3. d5 e6 4. Nc3 exd5 5. cxd5 d6 6. Nf3 g6 7. e4 Bg7 8. Bd3 0-0 9. 0-0 a6 10. a4 Bg4 11. Be2 Bxf3 12. Bxf3 Nbd7 13. a5 Re8 14. Qa4 Rc8 15. Be3 Ne5 16. Be2 Nfg4 17. Bd2 Nh6 18. h3 f5 19. Bxh6 Bxh6 20. f4 Nf7 21. exf5 gxf5 22. Bd3 Qf6 23. Qc2 Qd4+ 24. Kh1 Bxf4 25. Bxf5 Rc7 26. Ne2 Rxe2 27. Qxe2 Qe5 28. Qg4+ 1-0

[Event "LSS No Engine Cup 121 Preliminary 0"]
[Site "LSS email"]
[Date "2014.11.13"]
[Round "?"]
[White "Glowinski, Daniel"]
[Black "Jostov, Keylah"]
[Result "1-0"]
[WhiteElo "1892"]
[BlackElo "1517"]
[PlyCount "47"]
[EventDate "2014.11.14"]
[EventType "tourn (corr)"]
[EventRounds "6"]
[EventCountry "GER"]
[SourceTitle "Corr 2022"]
[Source "ChessBase"]
[SourceDate "2021.10.24"]
[SourceVersion "1"]
[SourceVersionDate "2021.10.24"]
[SourceQuality "1"]

1. e4 e5 2. Nf3 Nf6 3. Nxe5 d6 4. Nf3 Nxe4 5. d4 d5 6. Bd3 Bd6 7. 0-0 0-0 8. c4 c6 9. Nc3 Nxc3 10. bxc3 dxc4 11. Bxc4 Bg4 12. Re1 c5 13. dxc5 Bxc5 14. Bxf7+ Kh8 15. Qxd8 Rxd8 16. Bg5 Rf8 17. Bd5 Nc6 18. Be3 Ba3 19. Rab1 Na5 20. Ne5 Bh5 21. Rb5 Nc6 22. Nc4 Be7 23. Bxc6 bxc6 24. Rxh5 1-0

[Event "LSS No Engine Cup 120 Preliminary 0"]
[Site "LSS email"]
[Date "2014.11.01"]
[Round "?"]
[White "Jostov, Keylah"]
[Black "Pech, Jaroslav Sr"]
[Result "0-1"]
[WhiteElo "1517"]
[BlackElo "1531"]
[PlyCount "52"]
[EventDate "2014.11.02"]
[EventType "tourn (corr)"]
[EventRounds "6"]
[EventCountry "GER"]
[SourceTitle "Corr 2022"]
[Source "ChessBase"]
[SourceDate "2021.10.24"]
[SourceVersion "1"]
[SourceVersionDate "2021.10.24"]
[SourceQuality "1"]

1. e4 c6 2. Nc3 d5 3. Nf3 dxe4 4. Nxe4 Nf6 5. Nxf6+ exf6 6. d4 Bd6 7. Bd3 0-0 8. 0-0 Bg4 9. c3 Nd7 10. Qc2 Bxf3 11. Bxh7+ Kh8 12. Qf5 Bg4 13. Qxg4 Kxh7 14. f4 Rh8 15. f5 Qb6 16. Bf4 Bxf4 17. Rxf4 Qxb2 18. Raf1 Rae8 19. R4f3 Kg8 20. Kh1 Qxa2 21. Rg1 a5 22. Rh3 Rxh3 23. Qxh3 a4 24. Qf3 a3 25. h3 Qb2 26. Re1 Rxe1+ 0-1

[Event "CP-2014-P-00022"]
[Site "LSS email"]
[Date "2014.09.30"]
[Round "?"]
[White "Jostov, Keylah"]
[Black "Davydov, Andrej"]
[Result "1-0"]
[WhiteElo "1175"]
[BlackElo "1896"]
[PlyCount "27"]
[EventDate "2014.10.01"]
[EventType "tourn (corr)"]
[EventRounds "6"]
[EventCountry "GER"]
[SourceTitle "Corr 2015"]
[Source "ChessBase"]
[SourceDate "2015.07.17"]
[SourceVersion "1"]
[SourceVersionDate "2015.07.17"]
[SourceQuality "1"]

1. e4 c5 2. d3 Nc6 3. g3 g6 4. Bg2 Bg7 5. Nf3 Nf6 6. 0-0 d6 7. Nc3 0-0 8. h3 Rb8 9. Be3 b5 10. Qd2 b4 11. Ne2 Nd7 12. c3 bxc3 13. bxc3 Qb6 14. Rac1 1-0

[Event "CP-2014-P-00022"]
[Site "LSS email"]
[Date "2014.09.30"]
[Round "?"]
[White "Mroczek, Jacek"]
[Black "Jostov, Keylah"]
[Result "1-0"]
[WhiteElo "2148"]
[BlackElo "1175"]
[PlyCount "95"]
[EventDate "2014.10.01"]
[EventType "tourn (corr)"]
[EventRounds "6"]
[EventCountry "GER"]
[SourceTitle "Corr 2015"]
[Source "ChessBase"]
[SourceDate "2015.07.17"]
[SourceVersion "1"]
[SourceVersionDate "2015.07.17"]
[SourceQuality "1"]

1. d4 Nf6 2. c4 c5 3. d5 g6 4. Nc3 d6 5. Nf3 Bg7 6. e4 0-0 7. h3 e6 8. Bd3 exd5 9. cxd5 b5 10. Nxb5 Re8 11. Bg5 c4 12. Bxc4 Rxe4+ 13. Be2 Qa5+ 14. Kf1 Ba6 15. a4 Nbd7 16. Kg1 Nc5 17. Kh2 Rxa4 18. Rxa4 Qxa4 19. Qxa4 Nxa4 20. Bxf6 Bxf6 21. Nc7 Bxe2 22. Nxa8 Bxf3 23. gxf3 Bxb2 24. Rb1 Be5+ 25. Kg2 Nc3 26. Rb8+ Kg7 27. Nc7 Kh6 28. Re8 f6 29. Ra8 Ne2 30. Ne6 Nf4+ 31. Nxf4 Bxf4 32. Rxa7 g5 33. h4 Kg6 34. h5+ Kxh5 35. Rxh7+ Kg6 36. Rh1 Kf5 37. Re1 Be5 38. Re4 Bf4 39. Kf1 Be5 40. Ke2 Kg6 41. Kd3 Kf5 42. Kc4 Bf4 43. Kb5 g4 44. Rxf4+ Kxf4 45. fxg4 Kxg4 46. Kc6 Kf3 47. Kxd6 f5 48. Ke5 1-0

[Event "CP-2014-P-00022"]
[Site "LSS email"]
[Date "2014.09.30"]
[Round "?"]
[White "Roques, Pascal"]
[Black "Jostov, Keylah"]
[Result "1-0"]
[WhiteElo "2213"]
[BlackElo "1175"]
[PlyCount "89"]
[EventDate "2014.10.01"]
[EventType "tourn (corr)"]
[EventRounds "6"]
[EventCountry "GER"]
[SourceTitle "Corr 2015"]
[Source "ChessBase"]
[SourceDate "2015.07.17"]
[SourceVersion "1"]
[SourceVersionDate "2015.07.17"]
[SourceQuality "1"]

1. e4 e5 2. Nf3 Nf6 3. Nxe5 d6 4. Nf3 Nxe4 5. Nc3 Nxc3 6. dxc3 Nc6 7. Bf4 Be7 8. Qd2 Be6 9. 0-0-0 Bxa2 10. b3 a5 11. Kb2 a4 12. Bb5 axb3 13. cxb3 0-0 14. Ra1 Bxb3 15. Kxb3 Na5+ 16. Kc2 c6 17. Bd3 d5 18. Bg5 f6 19. Be3 c5 20. Bb5 c4 21. Rhd1 Nb3 22. Rxa8 Qxa8 23. Qxd5+ Kh8 24. Qxc4 Qa2+ 25. Kd3 Rd8+ 26. Bd4 Nc5+ 27. Ke3 Qc2 28. Qe2 Qf5 29. Kd2 Bf8 30. Ke1 Ne6 31. Bd3 Qh5 32. Be3 Re8 33. Bb5 Re7 34. Nd4 Qxh2 35. Nxe6 Rxe6 36. Rd8 g5 37. Bc4 Qh1+ 38. Kd2 Rd6+ 39. Rxd6 Bxd6 40. Bxg5 fxg5 41. Qe8+ Kg7 42. Qf7+ Kh6 43. Qf6+ Kh5 44. Bf7+ Kg4 45. Qf3+ 1-0

[Event "OP-2014-0-03507"]
[Site "LSS email"]
[Date "2014.09.23"]
[Round "?"]
[White "Jostov, Keylah"]
[Black "Mer, Alain"]
[Result "0-1"]
[WhiteElo "1175"]
[BlackElo "1838"]
[PlyCount "62"]
[EventDate "2014.09.19"]
[EventType "tourn (corr)"]
[EventRounds "4"]
[EventCountry "GER"]
[SourceTitle "Corr 2015"]
[Source "ChessBase"]
[SourceDate "2015.07.17"]
[SourceVersion "1"]
[SourceVersionDate "2015.07.17"]
[SourceQuality "1"]

1. e4 c5 2. d4 cxd4 3. c3 dxc3 4. Nxc3 Nc6 5. Nf3 e6 6. Bc4 Qc7 7. Qe2 Bc5 8. Bg5 h6 9. Bh4 d6 10. 0-0 a6 11. Rfd1 Nge7 12. Bg3 b5 13. Bxb5 axb5 14. Nxb5 Qb7 15. Bxd6 Bb6 16. Bxe7 Kxe7 17. Nd6 Qa7 18. e5 Rd8 19. Qe4 Qa4 20. Qe2 Ba6 21. Qd2 Kf8 22. b3 Qa5 23. Qc2 Nxe5 24. Nxe5 Qxe5 25. Nc4 Bxc4 26. Qxc4 Rxd1+ 27. Rxd1 Rxa2 28. Qc8+ Ke7 29. Qd7+ Kf6 30. Rf1 Qe2 31. Qd1 Bxf2+ 0-1

[Event "LSS No Engine Cup 117 Preliminary 7"]
[Site "LSS email"]
[Date "2014.09.04"]
[Round "?"]
[White "Jostov, Keylah"]
[Black "Huseby, Juan Carlos"]
[Result "1-0"]
[WhiteElo "1195"]
[BlackElo "445"]
[PlyCount "79"]
[EventDate "2014.09.05"]
[EventType "tourn (corr)"]
[EventRounds "6"]
[EventCountry "GER"]
[SourceTitle "Corr 2015"]
[Source "ChessBase"]
[SourceDate "2015.07.17"]
[SourceVersion "1"]
[SourceVersionDate "2015.07.17"]
[SourceQuality "1"]

1. e4 c6 2. Nc3 Nf6 3. Nf3 d6 4. d4 e6 5. Bd3 e5 6. 0-0 Bg4 7. Be3 Nh5 8. h3 Bd7 9. dxe5 Be7 10. exd6 Bxd6 11. e5 Bc7 12. Bc4 0-0 13. g4 b5 14. Bd3 Bb6 15. gxh5 Bxe3 16. fxe3 Bxh3 17. Rf2 f5 18. exf6 Rxf6 19. Ne4 Rh6 20. Nfg5 Nd7 21. Nxh3 Qh4 22. Qf3 Ne5 23. Qg3 Qxg3+ 24. Nxg3 Ng4 25. Rf3 Ne5 26. Rf5 Nxd3 27. cxd3 g6 28. Rg5 Re8 29. e4 a5 30. Kg2 Kg7 31. Nf5+ Kf6 32. Nxh6 Kg7 33. Ng4 h6 34. Rxg6+ Kf8 35. Rf1+ Ke7 36. Rg7+ Kd6 37. Rf5 c5 38. Nf4 b4 39. Rf6+ Re6 40. Rxe6# 1-0